header

Microsoft WSH and VBScript programming for the absolute beginner (Record no. 156903)

MARC details
000 -LEADER
fixed length control field 01326nam a2200349Ia 4500
082 04 - DEWEY DECIMAL CLASSIFICATION NUMBER
Classification number 005.4/4769
100 1# - MAIN ENTRY--AUTHOR NAME
Personal name Ford, Jerry Lee.
245 10 - TITLE STATEMENT
Title Microsoft WSH and VBScript programming for the absolute beginner
250 ## - EDITION STATEMENT
Edition statement 2nd ed.
260 ## - PUBLICATION, DISTRIBUTION, ETC. (IMPRINT)
Place of publication Boston, MA :
Name of publisher Thomson Course Technology,
Year of publication c2005.
300 ## - PHYSICAL DESCRIPTION
Number of Pages xx, 496 p. :
Other physical details ill.
490 1# - SERIES STATEMENT
Series statement For the absolute beginner
500 ## - GENERAL NOTE
General note Includes index.
650 #0 - SUBJECT ADDED ENTRY--TOPICAL TERM
Topical Term Computer programming.
Topical Term VBScript (Computer program language)
856 40 - ELECTRONIC LOCATION AND ACCESS
Uniform Resource Identifier http://site.ebrary.com/lib/rucke/Doc?id=10081983

No items available.

© 2026 Rongo University
Contact us: librarian | system librarian | Rongo university